000 004160000a22001690004500
003 MACL
005 20160107175303.0
008 160107b xxu||||| |||| 00| 0 eng d
040 _aMACL
_cMACL
041 _aEnglish
082 _a826/BIR
100 _aBird, Isabella L
_929456
245 _aUnbeaten Tracks In Japan
260 _bJohn Murray
_c1911
_aLondon
650 _aLetters
_929457
942 _cBK
_k826/BIR
_2ddc
999 _c38743
_d38743